00920nam a2200193 a 450000100100000000500170001000800410002704000250006810000350009324500700012826000680019830000350026650000630030104900090036495201200037395201050049395201110059899900170070900003600120200930074806.0111122s2006 dr ac 000 0 spa d aDO-SdBNPbspacBNPHU1 aRodríguez, Rhadamés96203610aColección imágenes de la mocanidad /cRhadamés Rodríguez. aSanto Domingo :bFundación Pro-Desarrollo de Guancí,c2006. a70 p. :bil., retrs. ;c25 cm. aIncluye datos biografícos del autor en la contracubierta aBNPD 001054708DSaGRbGRcCTd2011-11-22iLF1l0o p36001-30r2020-06-25te. 3w2020-06-25yLFDSZPréstamo en sala 0010718PDaPDbPDcHDd2011-11-22iLF1l0o p36001-10r2020-06-25w2020-06-25yLFPDZNo se presta 0010718PDaPDbPDcCTd2011-11-22iLF1l0o p36001-20r2020-06-25te. 2w2020-06-25yLFPDZNo se presta c35492d35492